Responses for show #8554 - Thursday, January 13, 2022

Amy Schneider game 32.

Contestants

[<< previous game]

Cory Anotado, an interactive designer from Baltimore, Maryland

Clark Dawson, an attorney from Columbia, South Carolina

Amy Schneider, an engineering manager from Oakland, California (whose 31-day cash winnings total $1,068,800)

[next game >>]

Jeopardy! Round responses

PEOPLE IN HISTORY
LITERARY DECADES
(Ken: We're talking about the decades these books were published.)
WE GOT STUCK
MIDDLE X
(Ken: "X" is in the exact middle of each response.)
PLATES, POTS & PANS
ROM-DRAMS
    $200 16
(Cory: Who is Gandhi?)
(Ken: More specifically?)

Indira Gandhi

Cory
    $200 26
(Cory: What is the 1940s?)
...
(Ken: Just after the war.)

1920s

Cory
Triple Stumper
    $200 11
tree frogs

Clark
    $200 21
approximate

Amy
    $200 6
the frying pan

Amy
    $200 1
Brokeback Mountain

Clark
    $400 17
Sally Ride

Amy
    $400 27
(Cory: What are the 2010s?)

the 2000s

ClarkCory
    $400 12
Velcro

Cory
    $400 22
toxin

Amy
    $400 7
a wok

Amy
    $400 2
Dirty Dancing

Clark
    $600 18
the Stone of Scone

Amy
    $600 28
(Ken: That is correct; Cory looks less prone to guess, now.)

the 1960s

Clark
    $600 13
(Clark: What is pine tar?)

flypaper

Clark
Triple Stumper
    $600 23
(Ken: That's correct; two oxygen atoms.)

dioxide

Amy
    $600 8
a griddle

Cory
    $600 3
The Time Traveler's Wife

Clark
    $800 19
Copernicus

Cory
    $800 29
the 1970s

Triple Stumper
    $800 14
a caulking gun

Cory
    $2,000 24
coexist

Amy
    $800 9
a stockpot

Amy
    $800 4
Call Me by Your Name

Amy
    $1000 20
Cartier

Amy
    $1000 30
the 1950s

Amy
    $1000 15
Gorilla Glue

Amy
    $1000 25
Minoxidil

Amy
    $1000 10
a Dutch oven

Clark
    $1000 5
(Cory: Who is Chadwick Boseman?)

Daniel Kaluuya

Cory
Triple Stumper

Scores at the first commercial break (after clue 15):

Amy Clark Cory
$3,200 $1,800 $800

Scores at the end of the Jeopardy! Round:

Amy Clark Cory
$10,400 $2,800 $1,200

Double Jeopardy! Round responses

MOUNTAINS OF THE WORLD
MODERN ART
PLANT TERMINOLOGY
CUTS FROM THE CLASSIC ALBUM
5-LETTER WORDS
ANCIENT FAITH
    $400 12
Mount Fuji

Amy
    $400 28
Kanye West

Cory
    $400 22
the light

Cory
    $400 1
(Ken: Yes, Beyoncé.)

Lemonade

Cory
    $400 6
duchy

Amy
    $400 17
Sanskrit

Amy
    $800 13
Alps

Amy
    $800 24
subway stations

Amy
    $800 23
pollen

Cory
    $800 2
(Ken: Yes, AC/DC.)

Back in Black

Cory
    $800 7
bairn

Amy
    $800 18
(Amy: Who is Muhammad?)

the Buddha

Amy
Triple Stumper
    $1200 14
the Canadian Rockies

Triple Stumper
    $1200 11
infinity

Amy
    $1200 25
a fern

Amy
    $1200 3
(Cory: What is In Utero?)
(Amy: What is Smells Like Teen Spirit?)
...
(Ken: You all had the right artist, [*] is the album.)

Nevermind

AmyClarkCory
    $1200 8
a dirge

Cory
    $1200 19
caliph

Amy
    $4,000 15
Sierra Leone

Amy
    $1600 29
the Tate

Cory
    $1600 26
succulent

Amy
    $1600 4
(Ken: That's Lady Gaga, [*].)

Born This Way

Triple Stumper
    $1600 9
argon

Cory
    $1600 20
Ur

Amy
    $2000 16
the Urals

Amy
    $2000 30
Rothko

Cory
    $2000 27
noxious

Amy
    $2000 5
(Ken: That's a Motown classic, my wife's favorite, [*], Marvin Gaye.)

What's Going On

Triple Stumper
    $2000 10
snipe

Cory
    $2,000 21
Pentecost

Amy

Scores at the end of the Double Jeopardy! Round:

Amy Clark Cory
$28,800 $4,000 $11,200
(lock game)

[wagering suggestions for these scores]

Final Jeopardy! Round responses

THE WORDS OF VICTOR HUGO
(Ken: [To Cory] Give me liberty, give me death, unfortunately, they are both incorrect.)
[Laughter]
...
(Ken: [To Amy] That's how Hugo described [*] in Les Misérables.)
ClarkWhat is liberty?
$5
CoryWhat is DEATH?
$0
AmyWhat is the guillotine?
$4,000
the guillotine

Final scores:

Amy Clark Cory
$32,800 $3,995 $11,200
32-day champion: $1,101,600 3rd place: $1,000 2nd place: $2,000

Game dynamics:

Coryat scores:

Amy Clark Cory
$25,200 $4,000 $11,200
29 R
(including 3 DDs),
2 W
8 R,
1 W
15 R,
4 W

Combined Coryat: $40,400

The J! Archive is created by fans, for fans. The Jeopardy! game show and all elements thereof, including but not limited to copyright and trademark thereto, are the property of Jeopardy Productions, Inc. and are protected under law. This website is not affiliated with, sponsored by, or operated by Jeopardy Productions, Inc. Join the discussion at JBoard.tv.